| 000 | 00402cam a2200169 4500 | ||
|---|---|---|---|
| 001 | D13950 | ||
| 008 | 090401t1945 xxu||||| |||| 00| 0 eng d | ||
| 035 | _a(Sirsi) u94571 | ||
| 041 | _aeng | ||
| 110 |
_aSouth Rhodesia - Statutes _92857 |
||
| 245 | _aTown and Country Planning Act, 1945 | ||
| 260 |
_aLondon _bHMSO _c1945 |
||
| 350 | _a0 | ||
| 520 | _aShelf 135 | ||
| 942 | _n0 | ||
| 948 | _c04/03/1997 | ||
| 999 |
_c98083 _d98083 |
||